| 000 | 00459nam a22001937a 4500 | ||
|---|---|---|---|
| 003 | MPLRDC | ||
| 005 | 20220104143942.0 | ||
| 008 | 210129b ||||| |||| 00| 0 eng d | ||
| 020 | _a962-257-552-8 | ||
| 082 | _a855 LTJ | ||
| 100 | _a刘天均 | ||
| 245 |
_a岂是等闲风流 _c |
||
| 250 | _a初版 | ||
| 260 |
_a _b天地图书 _c1992 |
||
| 300 | _b平 | ||
| 490 | _a单身贵族系列 | ||
| 650 | _a散文;随笔、日记 | ||
| 942 |
_cBK _o855 LTJ |
||
| 999 |
_c44967 _d44957 |
||